000 00877nam a2200265Ia 4500
003 OSt
005 20221005095105.0
006 a|||||r|||| 00| 0
007 ta
008 221004b |||||||| |||| 00| 0 eng d
020 _a9781906165895 (pbk)
_cUSD 22.95
024 _a35108
037 _b111042, 11/09/2017, International Book Distributors
_cTextual
040 _aCRL
_cCRL
_beng
041 _2eng
_aeng
082 _aV2:51.M5, Q7
100 _aWagner Kim A. Au.
_9591812
245 0 _aRumours and rebels
_b new history of the indian uprising of 1857
260 _aOxford
_bPeter Lang UK
_c2017
300 _axxiv,312p.
_ccm.
650 _a INDIA - HISTORY - FREEDOM STRUGGLE
_922401
650 _aHISTORY
942 _hV2:51.M5, Q7
_cTEXL
_2cc
999 _c1003001
_d1003001